000
00282nam a22001217a 4500
008
171027b xxu||||| |||| 00| 0 eng d
041
_a
eng
080
_2
19 ED
_a
336
100
_a
55
101
_a
MEN
245
_a
FUNDAMENTALS ACCOUTING PRINCIPLES
_c
SHAW.W
942
_2
udc
_c
BK
999
_c
36052
_d
36052